| 000 | 01257nam a22003617a 4500 | ||
|---|---|---|---|
| 001 | 000046740 | ||
| 003 | CHAP | ||
| 005 | 20220329140023.0 | ||
| 008 | 971013s1984 r 00010 d | ||
| 010 | _a45681 | ||
| 011 | _a46653 | ||
| 035 | _a50794 | ||
| 040 | _cCHAP | ||
| 082 |
_a809.1 _bV18 |
||
| 100 | 1 |
_aValle, Juvencio _9131086 |
|
| 245 | 0 | _aAntologia poetica. | |
| 260 |
_aChapingo, Méx. : _bDirección de Difusión Cultural, _c1984. |
||
| 300 | _a284 p. | ||
| 490 | _aCol. Cuadernos universitarios. Serie Arte y Literatura | ||
| 590 |
_aBATCH-UPD _b10 _c20130110 _lUCH01 _h1403 |
||
| 590 |
_aCONVERSION _b10 _c20130109 _lUCH01 _h1325 |
||
| 590 |
_aE5765TAJ _b05 _c20160909 _lUCH01 _h0827 |
||
| 650 | 1 | 4 |
_aPoetas. _990153 |
| 830 | 0 |
_aCol. Cuadernos universitarios. Serie Arte y Literatura _924535 |
|
| 901 | _aBK | ||
| 942 | _cLIBRO | ||
| 942 | _n0 | ||
| 949 |
_a809.1 U5 _bBC _cLIBRO _d33724000256814 _eLIBRO _fc.10 _h78957 _i50794 _si |
||
| 949 |
_a809.1 U5 _bBC _cLIBRO _d33724000256822 _eLIBRO _h62958 _i50794 _mD _si |
||
| 949 |
_a809.1 U5 _bBC _cLIBRO _d33724000904496 _eLIBRO _fc.3 _h62960 _i50794 _si |
||
| 949 |
_a809.1 U5 _bBC _cLIBRO _d33724002306405 _eLIBRO _fc.2 _h62959 _i50794 _si |
||
| 949 |
_a809.1 U5 _bBC _cUACH _d-114050 _eUACH _fc.4 _h62961 _i50794 _si |
||
| 999 |
_c45681 _d45681 |
||